000 02306cam a2200613 a 4500
003 PE-LiUPU
005 20250731165448.0
008 141205s2014 sp r o000 0 spa d
017 _aM 22748-2014
_bOficina Depósito Legal Madrid
020 _a8474766540
020 _a9788474766547
024 7 _aNIPO 004-14-030-0
_2nipo
035 _a(Sirsi) i9788474766547
040 _aBNM
_bspa
_cBNM
_dPL#
_dI5B
_dSUE
_dESLEO
_dI8M
_dOCLCO
_dPE-LiUPU
_erda
080 _a303.621.32
080 _a303.621.32.022
082 0 0 _a001.42
_bV23
_233
100 1 _aValles Martínez, Miguel S.,
_eautor.
245 1 0 _aEntrevistas cualitativas /
_cMiguel S. Valles.
250 _a2a edición.
264 1 _aMadrid
_bCentro de Investigaciones Sociológicas
_c2014
300 _a248 páginas
_c24 cm
336 _atext
_2rdacontent
337 _aunmediated
_2rdamedia
338 _avolume
_2rdacarrier
490 0 _aCuadernos metodológicos,
_v32
504 _aBibliografía: p. [227]-248.
505 _aLas entrevistas cualitativas en prespectiva histórica -- Fundamentos metodológicos de las entrevistas cualitativas -- Diseño de entrevistas cualitativas -- El trabajo de campo con entrevistas cualitativas -- Apéndices de trastienda de investigación.
526 _aSEG44
526 _aSEG26
526 _aP151
526 _aP150
526 _aP149
526 _aP146
526 _aP145
526 _aP126
526 _aP125
526 _aP92
526 _aP75
526 _aP74
526 _aP27
526 _aP15
541 _gFA3-00000165801;
650 0 _aInvestigación cualitativa.
650 7 _aEntrevistas (Sociología)
_2embne
650 0 4 _aCiencias sociales
_xInvestigación.
650 0 4 _aEntrevistas.
910 _aebj
_bebj
_cjck
_d20170523
942 _2ddc
_cBOOK
949 _a001.42 C28
_wDEWEY
_c1
_i75949
_lCCODEBUL1
_mBUL
_p5.00
_r0
_sY
_tBOOK
_u2017-05-23
_xPOSGRADO
_PP69
_0COMPRA
_o.STAFF. Colección Ciencias de la Salud
994 _aC0
_bPEPRU
596 _a1
999 _a001.42 C28
_wDEWEY
_c20431
_i75949
_d20431
_e2019-10-23
_f2021-11-4
_g4
_lCCODEBUL1
_mBUL
_n2
_p5.00
_q1
_r0
_sY
_tBOOK
_u2017-5-23
_xBIBLIOTECA
_PP69
_0COMPRA
_o.STAFF. Colección Ciencias de la Salud
980 _81
_gALBERTO SANCHEZ Responsable de Automatización